Business communications : (Record no. 11697)
[ view plain ]
| 000 -LEADER | |
|---|---|
| fixed length control field | 01228cam a2200289 a 4500 |
| 001 - CONTROL NUMBER | |
| control field | 3963104 |
| 005 - DATE AND TIME OF LATEST TRANSACTION | |
| control field | 20020828202214.0 |
| 008 - FIXED-LENGTH DATA ELEMENTS--GENERAL INFORMATION | |
| fixed length control field | 940810s1995 nyua 001 0 eng |
| 010 ## - LIBRARY OF CONGRESS CONTROL NUMBER | |
| LC control number | 94065200 |
| 020 ## - INTERNATIONAL STANDARD BOOK NUMBER | |
| International Standard Book Number | 0521657512 |
| 040 ## - CATALOGING SOURCE | |
| Original cataloging agency | DLC |
| Transcribing agency | DLC |
| Modifying agency | DLC |
| 050 00 - LIBRARY OF CONGRESS CALL NUMBER | |
| Classification number | HF5718 |
| Item number | .R63 1995 |
| 082 00 - DEWEY DECIMAL CLASSIFICATION NUMBER | |
| Classification number | 658.45 |
| Edition number | 20 |
| Item number | ROD |
| 100 1# - MAIN ENTRY--PERSONAL NAME | |
| Personal name | Rodgers, Drew. |
| 9 (RLIN) | 5653 |
| 245 10 - TITLE STATEMENT | |
| Title | Business communications : |
| Remainder of title | international case studies in English / |
| Statement of responsibility, etc | Drew Rodgers. |
| 260 ## - PUBLICATION, DISTRIBUTION, ETC. (IMPRINT) | |
| Place of publication, distribution, etc | New York : |
| Name of publisher, distributor, etc | St. Martin's Press, |
| Date of publication, distribution, etc | 1998 |
| 300 ## - PHYSICAL DESCRIPTION | |
| Extent | xvii, 151 p. : |
| Other physical details | ill. ; |
| Dimensions | 24 cm. |
| 500 ## - GENERAL NOTE | |
| General note | Includes index. |
| 650 #0 - SUBJECT ADDED ENTRY--TOPICAL TERM | |
| Topical term or geographic name as entry element | Business communication |
| General subdivision | Case studies. |
| 9 (RLIN) | 5654 |
| 650 #0 - SUBJECT ADDED ENTRY--TOPICAL TERM | |
| Topical term or geographic name as entry element | Intercultural communication |
| General subdivision | Case studies. |
| 9 (RLIN) | 5655 |
| 650 #0 - SUBJECT ADDED ENTRY--TOPICAL TERM | |
| Topical term or geographic name as entry element | English language |
| Geographic subdivision | Business English. |
| 9 (RLIN) | 5656 |
| 856 42 - ELECTRONIC LOCATION AND ACCESS | |
| Materials specified | Publisher description |
| Uniform Resource Identifier | <a href="http://www.loc.gov/catdir/description/cam026/94065200.html">http://www.loc.gov/catdir/description/cam026/94065200.html</a> |
| 856 41 - ELECTRONIC LOCATION AND ACCESS | |
| Materials specified | Table of contents |
| Uniform Resource Identifier | <a href="http://www.loc.gov/catdir/toc/cam027/94065200.html">http://www.loc.gov/catdir/toc/cam027/94065200.html</a> |
| 942 ## - ADDED ENTRY ELEMENTS (KOHA) | |
| Source of classification or shelving scheme | Dewey Decimal Classification |
| Item type | Book - Borrowing |
| Withdrawn status | Item status | Source of classification or shelving scheme | Damaged status | Not for loan | Vendor | Home library | Current library | Shelving location | Date acquired | Source of acquisition | Cost, normal purchase price | Serial Enumeration / chronology | Total Checkouts | Full call number | Barcode | Date last seen | Koha item type |
|---|---|---|---|---|---|---|---|---|---|---|---|---|---|---|---|---|---|
| Dewey Decimal Classification | Alahram | Central Library | Central Library | First floor | 31/05/2009 | 170.80 | 356 | 658.45 ROD | 000016460 | 15/07/2025 | Book - Borrowing |